000 00880cab a2200229 4500
001 ABS49808
008 090401t1993 xxu||||| |||| 00| 0 eng d
035 _a(Sirsi) u72812
041 _aeng
100 _aEldridge, B.
245 _aMoving house
260 _c1993
350 _a0
490 _aHousing Finance
_v(20) November 1993, 10-14(5)
520 _aIn view of the paucity of statistical information of the frequency and number of household moves, the CML commissioned a survey asking how long respondents had lived in their present house. The results are presented here, and reflect a trend to longer residence among owner-occupiers and the opposite among tenants.
650 _aLENGTH OF RESIDENCE
650 _aMOVING HOUSE
650 _aRESEARCH
690 _aPROPERTY-RESIDENTIAL PROPERTY-RESIDENTIAL PROPERTY MARKET
942 _n0
948 _c04/03/1997
999 _c46018
_d46018